[Event "20th EUR-ch"]
[Site "Skopje MKD"]
[Date "2019.03.27"]
[Round "9"]
[White "Matvyishen, Viktor"]
[Black "Garayev, Kanan"]
[Result "1-0"]
[WhiteElo "2490"]
[BlackElo "2368"]
[EventDate "2019.03.18"]
[Board "92"]
[PlyCount "117"]

1.d4 d5 2.c4 e6 3.Nf3 a6 4.g3 Nf6 5.Bg2 dxc4 6.O-O Be7 7.Ne5 O-O 8.Nxc4 c5
9.dxc5 Bxc5 10.Nc3 Ra7 11.Qxd8 Rxd8 12.Na4 Bd4 13.Bf4 Bd7 14.Nab6 Bb5 15.
Bc7 Rf8 16.Rfd1 Bc5 17.Bd6 Bxb6 18.Nxb6 Re8 19.Bc5 Bc6 20.Nd5 b6 21.Bxb6 
Rb7 22.Nxf6+ gxf6 23.Bd4 e5 24.Bc3 Bxg2 25.Kxg2 Re6 26.Rd8+ Kg7 27.Rad1 
Nc6 28.R8d7 Rb8 29.R1d6 Kg6 30.Rxe6 fxe6 31.Rd6 Nd4 32.Bxd4 exd4 33.b3 e5 
34.Rxa6 Rc8 35.Kf3 Rc2 36.e3 d3 37.e4 Kf7 38.Ke3 h5 39.h4 Re2+ 40.Kxd3 
Rxf2 41.b4 Rf3+ 42.Kc4 Re3 43.Kd5 Rxg3 44.Ra7+ Kg6 45.b5 Rd3+ 46.Ke6 Rd4 
47.Rf7 Rxe4 48.Rxf6+ Kg7 49.Rf5 Rxh4 50.Rxe5 Kg6 51.Re3 Ra4 52.Rg3+ Kh6 
53.a3 h4 54.Rb3 Kh5 55.b6 Ra6 56.Kd7 h3 57.b7 h2 58.b8=Q h1=Q 59.Qe5+ 1-0

[Event "20th EUR-ch"]
[Site "Skopje MKD"]
[Date "2019.03.27"]
[Round "9"]
[White "Osmak, Iulija"]
[Black "Sadikhov, Ulvi"]
[Result "1/2-1/2"]
[WhiteElo "2399"]
[BlackElo "2488"]
[EventDate "2019.03.18"]
[Board "93"]
[PlyCount "92"]

1.d4 Nf6 2.Bg5 c5 3.d5 Qb6 4.Nc3 h6 5.Bc1 d6 6.e4 g6 7.Be2 Bg7 8.Nf3 O-O 
9.O-O Bg4 10.Nd2 Bxe2 11.Qxe2 Qa6 12.Nb5 Nbd7 13.a4 Ne8 14.Nc4 b6 15.f4 
Qb7 16.f5 a6 17.Nc3 Nef6 18.Bd2 Kh7 19.Kh1 b5 20.Na5 Qb6 21.axb5 axb5 22.
Nxb5 Ne5 23.c4 Rfb8 24.b3 Ra6 25.Ra4 Rba8 26.Rfa1 h5 27.h3 Bh6 28.Bc3 Bf4 
29.fxg6+ fxg6 30.Rf1 Bg3 31.Bxe5 dxe5 32.Nc6 Bf4 33.Rxa6 Rxa6 34.Rxf4 exf4
35.e5 Nxd5 36.cxd5 c4 37.Ncd4 Ra1+ 38.Kh2 cxb3 39.Qb2 Qa5 40.Nxb3 Qxb5 41.
Qxa1 Qxb3 42.Qf1 Qe3 43.d6 Qxe5 44.dxe7 g5 45.Qd3+ Kh6 46.Qa6+ Kh7 1/2-1/2

[Event "20th EUR-ch"]
[Site "Skopje MKD"]
[Date "2019.03.27"]
[Round "9"]
[White "Sargsian, Shant"]
[Black "Gines Esteo, Pedro Antonio"]
[Result "1/2-1/2"]
[WhiteElo "2488"]
[BlackElo "2372"]
[EventDate "2019.03.18"]
[Board "94"]
[PlyCount "87"]

1.Nf3 d5 2.e3 c6 3.c4 Nf6 4.Nc3 g6 5.d4 Bg7 6.Bd3 O-O 7.O-O Bg4 8.h3 Bxf3 
9.Qxf3 dxc4 10.Bxc4 Nbd7 11.Rd1 e5 12.d5 e4 13.Nxe4 Ne5 14.Nxf6+ Bxf6 15.
Qe2 Nxc4 16.Qxc4 cxd5 17.Rxd5 Qb6 18.Qe2 Rac8 19.e4 Rfe8 20.Bh6 Qxb2 21.
Qxb2 Bxb2 22.Rb1 Bg7 23.Be3 b6 24.Rd7 Ra8 25.Rbd1 Bf6 26.Rb7 Re7 27.Rdd7 
Kf8 28.f4 Ke8 29.Rxe7+ Bxe7 30.Kf2 Bc5 31.g4 Rd8 32.Bxc5 bxc5 33.Rxa7 Rd2+
34.Kg3 Rd3+ 35.Kh4 h6 36.Rc7 Rf3 37.Rxc5 Rxf4 38.Re5+ Kd7 39.Kg3 Rf1 40.h4
Rg1+ 41.Kf3 Rh1 42.h5 Rh3+ 43.Kg2 Ra3 44.g5 1/2-1/2

[Event "20th EUR-ch"]
[Site "Skopje MKD"]
[Date "2019.03.27"]
[Round "9"]
[White "Zlatanovic, Boroljub"]
[Black "Radovanovic, Mihajlo"]
[Result "0-1"]
[WhiteElo "2376"]
[BlackElo "2483"]
[EventDate "2019.03.18"]
[Board "95"]
[PlyCount "82"]

1.e4 c5 2.c4 Nc6 3.Nc3 g6 4.g3 Bg7 5.Bg2 e6 6.d3 Nge7 7.h4 h5 8.Bg5 a6 9.
Nge2 Rb8 10.Qd2 d6 11.O-O b5 12.Rac1 Nd4 13.b3 Qd7 14.Rfe1 b4 15.Nd1 Nec6 
16.Nxd4 Nxd4 17.Be3 a5 18.Nb2 Bb7 19.Na4 Bc6 20.Qd1 O-O 21.Rb1 Kh7 22.f4 
f5 23.Kh2 Qb7 24.Rb2 e5 25.Bxd4 cxd4 26.exf5 Rxf5 27.Be4 Bxe4 28.dxe4 Rf6 
29.f5 Qf7 30.fxg6+ Qxg6 31.Rg2 Rbf8 32.Nb6 Rf2 33.Rg1 R2f3 34.Qb1 d3 35.
Nd5 Qxe4 36.Re1 Qd4 37.Qd1 e4 38.Nf4 Qe5 39.Nh3 Bh6 40.Ng1 Rxg3 41.Rxg3 
Rf2+ 0-1

[Event "20th EUR-ch"]
[Site "Skopje MKD"]
[Date "2019.03.27"]
[Round "9"]
[White "Stoyanov, Tsvetan"]
[Black "Studer, Noel"]
[Result "1/2-1/2"]
[WhiteElo "2370"]
[BlackElo "2479"]
[EventDate "2019.03.18"]
[Board "96"]
[PlyCount "100"]

1.e4 e6 2.d4 d5 3.Nd2 c5 4.Ngf3 cxd4 5.Nxd4 Nc6 6.Bb5 Bd7 7.Nxc6 bxc6 8.
Bd3 Bd6 9.Qe2 Ne7 10.Nf3 Ng6 11.e5 Bc7 12.O-O O-O 13.Ng5 Qe8 14.Qh5 h6 15.
Nf3 f5 16.exf6 Rxf6 17.Nh4 Nf4 18.Qxe8+ Bxe8 19.Bxf4 Rxf4 20.g3 Rb4 21.b3 
g5 22.Ng2 e5 23.c3 Rb7 24.Ne3 e4 25.Ba6 Rb6 26.Be2 Bg6 27.b4 Rd8 28.Rfd1 
Bf7 29.Nf5 Kh7 30.f3 a5 31.a3 Be5 32.Rac1 axb4 33.axb4 exf3 34.Bxf3 Ra8 
35.Re1 Bf6 36.Nd6 Bg6 37.Re6 Rf8 38.Bg4 d4 39.Nc4 Rbb8 40.Ne5 Bxe5 41.Rxe5
dxc3 42.Rxc3 Rxb4 43.Re7+ Kg8 44.Rxc6 Bd3 45.Be2 Rb1+ 46.Kg2 Rb2 47.Rce6 
Rf7 48.Re8+ Kg7 49.Kg1 Rb1+ 50.Kg2 Rb2 1/2-1/2

[Event "20th EUR-ch"]
[Site "Skopje MKD"]
[Date "2019.03.27"]
[Round "9"]
[White "Lodici, Lorenzo"]
[Black "Iliaguev, Nisim"]
[Result "1-0"]
[WhiteElo "2474"]
[BlackElo "2366"]
[EventDate "2019.03.18"]
[Board "97"]
[PlyCount "119"]

1.e4 c5 2.Nf3 g6 3.c4 Nc6 4.d4 cxd4 5.Nxd4 Nf6 6.Nc3 d6 7.Be2 Nxd4 8.Qxd4 
Bg7 9.Be3 O-O 10.Qd2 a5 11.O-O a4 12.Rad1 Qa5 13.Bd4 Be6 14.f4 Rfc8 15.b3 
axb3 16.axb3 b5 17.f5 Bd7 18.Bxf6 Bxf6 19.Nd5 Qxd2 20.Nxf6+ exf6 21.Rxd2 
Bc6 22.fxg6 hxg6 23.Rxf6 Ra1+ 24.Kf2 Bxe4 25.Rfxd6 Rb1 26.R6d4 Bf5 27.cxb5
Rxb3 28.Bc4 Rb1 29.Rd8+ Rxd8 30.Rxd8+ Kg7 31.Ke3 Rb2 32.Rd2 Rb4 33.Rd4 Rb2
34.g4 Be6 35.Be2 Kf6 36.h4 Ke5 37.Re4+ Kf6 38.g5+ Ke7 39.Bc4 Kd6 40.Kd4 
Rh2 41.Rf4 Rh1 42.Bd3 Rh2 43.Bf1 Rb2 44.Bc4 Rh2 45.Bxe6 fxe6 46.Kc4 Rc2+ 
47.Kb3 Rc1 48.Kb2 Rc8 49.b6 Kc5 50.b7 Rb8 51.Rf7 Kd4 52.Kc2 e5 53.Kd2 Ke4 
54.Ke2 Re8 55.h5 gxh5 56.g6 h4 57.g7 h3 58.Rf8 h2 59.g8=Q h1=Q 60.Qc4# 1-0

[Event "20th EUR-ch"]
[Site "Skopje MKD"]
[Date "2019.03.27"]
[Round "9"]
[White "Schreiner, Peter"]
[Black "Manea, Alexandru"]
[Result "1-0"]
[WhiteElo "2471"]
[BlackElo "2357"]
[EventDate "2019.03.18"]
[Board "98"]
[PlyCount "102"]

1.d4 Nf6 2.c4 c6 3.Nf3 d5 4.e3 Bg4 5.h3 Bh5 6.g4 Bg6 7.Ne5 e6 8.Nd2 Nfd7 
9.Nxg6 hxg6 10.Qb3 Qc7 11.e4 dxe4 12.Nxe4 Nf6 13.Nxf6+ gxf6 14.Be3 Qa5+ 
15.Bd2 Qb6 16.Qxb6 axb6 17.Bg2 Nd7 18.Bc3 Bd6 19.Kd2 Kd8 20.Kc2 Kc7 21.a4 
e5 22.d5 c5 23.h4 f5 24.gxf5 gxf5 25.h5 Rh6 26.Bf3 e4 27.Be2 f4 28.Bg4 Be5
29.Bxd7 Bxc3 30.Bf5 Bd4 31.Bxe4 Bxf2 32.Bf3 Be3 33.Rh4 f6 34.Rh2 Rg8 35.
Rf1 Kd6 36.Kd3 Ke5 37.Rh3 Ra8 38.b3 Re8 39.Re1 Rg8 40.Re2 Kf5 41.Rg2 Re8 
42.Re2 Rg8 43.Re1 Ra8 44.Rb1 Bd4 45.Re1 Be3 46.Reh1 Re8 47.Re1 Rg8 48.Rb1 
Bd4 49.b4 Rg3 50.Rxg3 fxg3 51.bxc5 Bxc5 1-0

[Event "20th EUR-ch"]
[Site "Skopje MKD"]
[Date "2019.03.27"]
[Round "9"]
[White "Firat, Burak"]
[Black "Paszewski, Mateusz"]
[Result "1/2-1/2"]
[WhiteElo "2468"]
[BlackElo "2340"]
[EventDate "2019.03.18"]
[Board "99"]
[PlyCount "74"]

1.d4 d5 2.c4 c6 3.Nf3 Nf6 4.Nc3 e6 5.Bg5 dxc4 6.e4 b5 7.e5 h6 8.Bh4 g5 9.
Nxg5 hxg5 10.Bxg5 Nbd7 11.g3 Bb7 12.Bg2 Qb6 13.exf6 O-O-O 14.O-O c5 15.d5 
b4 16.Na4 Qb5 17.a3 Nb8 18.axb4 cxb4 19.Be3 Bxd5 20.Bxd5 Rxd5 21.Qe2 Nc6 
22.Rfc1 Ne5 23.f4 Nd3 24.Rxc4+ Qxc4 25.Rc1 Qxc1+ 26.Bxc1 Nxc1 27.Qc4+ Kb7 
28.Qxc1 Bd6 29.Qc2 Rc8 30.Qe4 Kb8 31.Kg2 Rd2+ 32.Kf3 Rxh2 33.Qd3 Rc6 34.
Qb5+ Kc7 35.Qa5+ Kb7 36.Qb5+ Kc7 37.Qa5+ Kb7 1/2-1/2

[Event "20th EUR-ch"]
[Site "Skopje MKD"]
[Date "2019.03.27"]
[Round "9"]
[White "Kalogeris, Ioannis"]
[Black "Petriashvili, Nikoloz"]
[Result "1/2-1/2"]
[WhiteElo "2368"]
[BlackElo "2465"]
[EventDate "2019.03.18"]
[Board "100"]
[PlyCount "133"]

1.e4 c5 2.Nf3 Nc6 3.d4 cxd4 4.Nxd4 g6 5.c4 Nf6 6.Nc3 Nxd4 7.Qxd4 d6 8.Be2 
Bg7 9.O-O O-O 10.Qe3 Ng4 11.Qg3 Ne5 12.b3 Nc6 13.Bd2 a6 14.Rac1 Nd4 15.
Rfd1 e5 16.Bf1 Be6 17.Ne2 Nc6 18.Bg5 Qc7 19.Qd3 h6 20.Be3 Rad8 21.Nc3 Qa5 
22.Na4 Nd4 23.Qd2 Qxd2 24.Rxd2 f5 25.exf5 gxf5 26.Nb6 Nxb3 27.axb3 f4 28.
Bxf4 exf4 29.Be2 Be5 30.Bf3 Rf7 31.Re1 Bc3 32.Rxe6 Bxd2 33.Bd5 Kf8 34.Rxh6
Re7 35.g3 Kg7 36.Rh4 fxg3 37.hxg3 Ba5 38.Na4 Re1+ 39.Kg2 b5 40.Rg4+ Kf6 
41.Rf4+ Ke7 42.cxb5 axb5 43.Rf7+ Ke8 44.Ra7 bxa4 45.Rxa5 axb3 46.Bxb3 Ke7 
47.f4 Rc1 48.Rh5 Rc5 49.Rh7+ Kf6 50.Rf7+ Kg6 51.Be6 Re8 52.f5+ Kg5 53.Rd7 
Ra8 54.Rxd6 Rc2+ 55.Kf3 Ra3+ 56.Ke4 Re2+ 57.Kd4 Rxg3 58.Rd7 Rd2+ 59.Kc4 
Rc2+ 60.Kb4 Re3 61.Rd4 Rc7 62.Rc4 Rb7+ 63.Kc5 Ra3 64.Kc6 Rb8 65.Kd6 Rd3+ 
66.Kc7 Rb2 67.Rc6 1/2-1/2

[Event "20th EUR-ch"]
[Site "Skopje MKD"]
[Date "2019.03.27"]
[Round "9"]
[White "Caspi, Israel"]
[Black "Zlatin, Alexander"]
[Result "1-0"]
[WhiteElo "2461"]
[BlackElo "2243"]
[EventDate "2019.03.18"]
[Board "101"]
[PlyCount "69"]

1.e4 e6 2.d4 d5 3.Nc3 dxe4 4.Nxe4 Be7 5.Nf3 Nf6 6.Bd3 O-O 7.Nxf6+ Bxf6 8.
Qe2 Nc6 9.Qe4 g6 10.Bh6 Re8 11.O-O-O Nb4 12.Bc4 Rb8 13.c3 b5 14.Bb3 Bb7 
15.Qg4 Nd5 16.h4 c5 17.h5 cxd4 18.hxg6 hxg6 19.Nxd4 b4 20.c4 Qc7 21.Kb1 
Ne7 22.Bf4 e5 23.Bg5 Bg7 24.Nb5 Qc6 25.Nd6 Nf5 26.c5 Qxg2 27.Bxf7+ Kf8 28.
Qxg2 Bxg2 29.Bxe8 Bxh1 30.Bxg6 Bf3 31.Bxf5 Bxd1 32.c6 Rb6 33.c7 Rc6 34.
c8=Q+ Rxc8 35.Nxc8 1-0

[Event "20th EUR-ch"]
[Site "Skopje MKD"]
[Date "2019.03.27"]
[Round "9"]
[White "Flom, Gabriel"]
[Black "Lazov, Toni"]
[Result "1-0"]
[WhiteElo "2457"]
[BlackElo "2332"]
[EventDate "2019.03.18"]
[Board "102"]
[PlyCount "66"]

1.d4 Nf6 2.c4 g6 3.Nc3 Bg7 4.e4 d6 5.f3 a6 6.Be3 Nc6 7.Nge2 Rb8 8.Qd2 h5 
9.Rc1 O-O 10.h3 e5 11.d5 Na5 12.b3 c6 13.g4 b5 14.Bg5 bxc4 15.b4 Rxb4 16.
gxh5 c5 17.Ng3 Kh7 18.f4 Qe8 19.Be2 exf4 20.Qxf4 Ng8 21.Qh4 Bh6 22.O-O Rb7
23.Bxh6 Nxh6 24.Rf6 Rg8 25.Qg5 Re7 26.Rxd6 Re5 27.Qf6 Bxh3 28.Kf2 Bg4 29.
Rh1 Bxe2 30.Kxe2 Nb7 31.Rxa6 Nd8 32.Kd2 Qe7 33.hxg6+ fxg6 1-0

[Event "20th EUR-ch"]
[Site "Skopje MKD"]
[Date "2019.03.27"]
[Round "9"]
[White "Draskovic, Luka"]
[Black "Eric, Jovana"]
[Result "1-0"]
[WhiteElo "2449"]
[BlackElo "2205"]
[EventDate "2019.03.18"]
[Board "103"]
[PlyCount "87"]

1.e4 c5 2.Nf3 d6 3.d4 cxd4 4.Nxd4 Nf6 5.f3 e5 6.Nb3 Be6 7.c4 Nbd7 8.Be3 
Be7 9.Nc3 O-O 10.Qd2 a5 11.Be2 a4 12.Nc1 Qb8 13.O-O Rc8 14.Nd5 Bxd5 15.
cxd5 Bd8 16.Qb4 a3 17.bxa3 Ba5 18.Qb5 Rc3 19.Bf2 Rxa3 20.Rb1 Qd8 21.Rd1 
Rc8 22.Rd3 Rac3 23.Rxc3 Bxc3 24.Nb3 b6 25.Rc1 Nh5 26.g3 g6 27.a3 Rc7 28.
Be3 Qc8 29.Kg2 Qb8 30.Rc2 Nhf6 31.Bc4 Be1 32.Kf1 Ba5 33.Nxa5 bxa5 34.Qxb8+
Nxb8 35.Bb6 Rc8 36.Bxa5 Na6 37.Ke2 Nd7 38.Bd3 Nac5 39.Bb5 Ra8 40.Bb4 Nb6 
41.Bxc5 dxc5 42.Rxc5 Rxa3 43.Rc6 Ra2+ 44.Kf1 1-0

[Event "20th EUR-ch"]
[Site "Skopje MKD"]
[Date "2019.03.27"]
[Round "9"]
[White "Haldorsen, Benjamin"]
[Black "Tomerlin, Sinisa"]
[Result "1-0"]
[WhiteElo "2448"]
[BlackElo "2192"]
[EventDate "2019.03.18"]
[Board "104"]
[PlyCount "63"]

1.d4 Nf6 2.Nf3 d6 3.g3 g6 4.Bg2 Bg7 5.O-O O-O 6.c4 c6 7.Nc3 Nbd7 8.e4 e5 
9.h3 Re8 10.Be3 exd4 11.Nxd4 Nc5 12.Qc2 a5 13.Rad1 Nfd7 14.Rfe1 a4 15.f4 
Qa5 16.a3 Nb6 17.Bf1 Bd7 18.Bf2 Re7 19.Nf3 Be6 20.Rxd6 Bxc4 21.e5 Bb3 22.
Qc1 Ne6 23.Nd2 Bd5 24.Nxd5 Nxd5 25.Nc4 Qc7 26.Bg2 Rc8 27.Qd1 Nexf4 28.gxf4
Nxf4 29.Bh4 Nxg2 30.Kxg2 Ree8 31.Rd7 Qb8 32.Nd6 1-0

[Event "20th EUR-ch"]
[Site "Skopje MKD"]
[Date "2019.03.27"]
[Round "9"]
[White "Sokolovsky, Yahli"]
[Black "Filip, Lucian-Ioan"]
[Result "0-1"]
[WhiteElo "2278"]
[BlackElo "2438"]
[EventDate "2019.03.18"]
[Board "105"]
[PlyCount "50"]

1.e4 e6 2.d4 d5 3.e5 c5 4.c3 Nc6 5.Nf3 Qb6 6.Na3 cxd4 7.cxd4 f6 8.Bd3 Bb4+
9.Bd2 Nxd4 10.Nxd4 Qxd4 11.O-O Qxd3 12.Qa4+ Bd7 13.Qxb4 Ne7 14.Rac1 Nc6 
15.Rxc6 Bxc6 16.Bc3 f5 17.Bd4 Kf7 18.f4 a5 19.Qb6 Rhc8 20.Rf3 Qa6 21.Qb3 
b5 22.Nc2 b4 23.Rh3 Qe2 24.Re3 Qc4 25.a3 Qxb3 0-1

[Event "20th EUR-ch"]
[Site "Skopje MKD"]
[Date "2019.03.27"]
[Round "9"]
[White "Gazik, Viktor"]
[Black "Efremov, Vladislav"]
[Result "1-0"]
[WhiteElo "2535"]
[BlackElo "2115"]
[EventDate "2019.03.18"]
[Board "106"]
[PlyCount "115"]

1.e4 c5 2.Nc3 Nc6 3.g3 g6 4.Bg2 Bg7 5.d3 e6 6.Be3 Nd4 7.Qd2 Ne7 8.h4 h5 9.
Nd1 d6 10.c3 Ndc6 11.f4 b6 12.Nf2 Bb7 13.Nf3 d5 14.Qc2 c4 15.dxc4 dxe4 16.
Nxe4 Nf5 17.Bf2 Qc7 18.O-O O-O 19.b3 e5 20.fxe5 Nxe5 21.Nd4 Nh6 22.Be3 
Nhg4 23.Bf4 Rad8 24.Rae1 Qc8 25.Bg5 Rd7 26.Bf4 Qa8 27.Bh3 f5 28.Ng5 Re8 
29.Bg2 Rde7 30.Re2 Bf6 31.Nh3 Bxg2 32.Rxg2 Nc6 33.Nb5 Nce5 34.Nd4 Nc6 35.
Nb5 Nce5 36.Kh1 a6 37.Nd4 Nc6 38.Nf3 Ne3 39.Bxe3 Rxe3 40.Nf4 Rxc3 41.Qd2 
Nb4 42.Qd6 Rxf3 43.Rxf3 Qxf3 44.Qxf6 Re1+ 45.Kh2 Qf1 46.Qxg6+ Kh8 47.Qxh5+
Kg8 48.Qg5+ Kh8 49.Qd8+ Kh7 50.Qc7+ Kg8 51.Qc8+ Kh7 52.Qxf5+ Kg8 53.Qc8+ 
Kh7 54.Qb7+ Kg8 55.Rd2 Qg1+ 56.Kh3 Qh1+ 57.Qxh1 Rxh1+ 58.Kg4 1-0

[Event "20th EUR-ch"]
[Site "Skopje MKD"]
[Date "2019.03.27"]
[Round "9"]
[White "Mihajlov, Sebastian"]
[Black "Kozul, Zdenko"]
[Result "0-1"]
[WhiteElo "2356"]
[BlackElo "2619"]
[EventDate "2019.03.18"]
[Board "107"]
[PlyCount "80"]

1.d4 Nf6 2.c4 g6 3.Nc3 Bg7 4.e4 d6 5.Nf3 O-O 6.Be2 Nbd7 7.O-O e5 8.Be3 Qe7
9.d5 a5 10.Nd2 Ne8 11.a3 f5 12.f3 Bf6 13.Rc1 Bg5 14.Bf2 Nc5 15.Rb1 a4 16.
Qc2 b6 17.Rbe1 Qg7 18.Bd3 Nxd3 19.Qxd3 Bxd2 20.Qxd2 f4 21.Kh1 Qh6 22.Ne2 
Qh5 23.Ng1 g5 24.Rc1 Bd7 25.Be1 Rf7 26.g3 fxg3 27.Bxg3 h6 28.Rc2 Nf6 29.
Qe3 Raf8 30.Rg2 Bh3 31.Nxh3 Qxh3 32.Kg1 Nh5 33.Rff2 Kh7 34.Qe2 Nf6 35.Rf1 
Nd7 36.Qe3 Nc5 37.Qe2 Nb3 38.Qd1 Nd4 39.Qxa4 Nxf3+ 40.Kh1 Nxh2 0-1

[Event "20th EUR-ch"]
[Site "Skopje MKD"]
[Date "2019.03.27"]
[Round "9"]
[White "Dimic, Pavle"]
[Black "Romanov, Evgeny"]
[Result "1/2-1/2"]
[WhiteElo "2351"]
[BlackElo "2612"]
[EventDate "2019.03.18"]
[Board "108"]
[PlyCount "90"]

1.d4 Nf6 2.Nf3 e6 3.c4 b6 4.a3 Ba6 5.Qb3 g6 6.Nc3 Bg7 7.e4 O-O 8.Qc2 d6 9.
Be2 c5 10.d5 exd5 11.exd5 Nbd7 12.O-O h6 13.Bf4 Ne8 14.Bd3 Ne5 15.Nxe5 
dxe5 16.Bd2 f5 17.f3 Nd6 18.b3 Qh4 19.Rae1 Rae8 20.g3 Qd8 21.Kh1 h5 22.a4 
Qd7 23.Nd1 Bc8 24.Nf2 a5 25.Qc1 e4 26.Be2 Bd4 27.Bh6 exf3 28.Bxf3 Rxe1 29.
Qxe1 Re8 30.Qd2 Ne4 31.Nxe4 fxe4 32.Bg2 e3 33.Qe2 Qe7 34.h4 Bf5 35.Kh2 Be5
36.Bg5 Bf6 37.Bxf6 Qxf6 38.Bh3 Re4 39.Bg2 Re7 40.Bh3 Qd4 41.Bxf5 gxf5 42.
Qxh5 e2 43.Qg6+ Kh8 44.Qh6+ Kg8 45.Qg6+ Kh8 1/2-1/2

[Event "20th EUR-ch"]
[Site "Skopje MKD"]
[Date "2019.03.27"]
[Round "9"]
[White "Kelires, Andreas"]
[Black "Baenziger, Fabian"]
[Result "1-0"]
[WhiteElo "2529"]
[BlackElo "2351"]
[EventDate "2019.03.18"]
[Board "109"]
[PlyCount "63"]

1.d4 Nf6 2.c4 g6 3.Nc3 Bg7 4.e4 d6 5.f3 O-O 6.Be3 c5 7.Nge2 Nc6 8.d5 Ne5 
9.Ng3 e6 10.Be2 h5 11.O-O a6 12.a4 exd5 13.cxd5 Nh7 14.Qd2 Re8 15.Nh1 h4 
16.Nf2 f5 17.Kh1 Qe7 18.Rae1 h3 19.Nxh3 fxe4 20.Nxe4 Bxh3 21.gxh3 b5 22.
Ng3 Nf7 23.Bd3 Qf6 24.Ne4 Qh4 25.Qg2 Nf8 26.Rg1 Rab8 27.axb5 axb5 28.Nf2 
Be5 29.Be4 Rb7 30.Bg5 Qh7 31.Bb1 Reb8 32.Ne4 1-0

[Event "20th EUR-ch"]
[Site "Skopje MKD"]
[Date "2019.03.27"]
[Round "9"]
[White "Plenca, Jadranko"]
[Black "Borsuk, Konstantin"]
[Result "1/2-1/2"]
[WhiteElo "2487"]
[BlackElo "2346"]
[EventDate "2019.03.18"]
[Board "111"]
[PlyCount "77"]

1.e4 c6 2.Nc3 d5 3.Nf3 Bg4 4.h3 Bxf3 5.Qxf3 e6 6.Be2 Nf6 7.d3 d4 8.Nb1 Bd6
9.Nd2 Nbd7 10.g3 Qe7 11.Qg2 e5 12.O-O Bc7 13.f4 h6 14.Nc4 b5 15.Nxe5 Bxe5 
16.fxe5 Nxe5 17.Bf4 Nfd7 18.Qf2 c5 19.c3 Nc6 20.b4 dxc3 21.bxc5 Nxc5 22.
Be3 Na4 23.d4 a6 24.e5 Nb4 25.Bf3 Rd8 26.Qg2 O-O 27.a3 Nd3 28.Be4 Ndb2 29.
Qe2 Nc4 30.Bc2 Nxe3 31.Qxe3 Nb6 32.Qxc3 Qd7 33.Rad1 Nd5 34.Qd3 g6 35.Rde1 
Rfe8 36.h4 Rc8 37.Kh2 Rc3 38.Qe4 f5 39.Qg2 1/2-1/2

[Event "20th EUR-ch"]
[Site "Skopje MKD"]
[Date "2019.03.27"]
[Round "9"]
[White "Krykun, Yuriy"]
[Black "Bakalchuk, Johnatan"]
[Result "0-1"]
[WhiteElo "2342"]
[BlackElo "2471"]
[EventDate "2019.03.18"]
[Board "112"]
[PlyCount "114"]

1.Nf3 Nf6 2.c4 g6 3.g3 Bg7 4.Bg2 O-O 5.O-O d6 6.d4 Nbd7 7.Nc3 e5 8.e4 a6 
9.d5 Nc5 10.Ne1 a5 11.Nd3 Nfd7 12.Be3 f5 13.f3 Nxd3 14.Qxd3 f4 15.Bf2 h5 
16.Qc2 b6 17.a3 Nf6 18.b4 g5 19.c5 bxc5 20.bxc5 g4 21.Nb5 gxf3 22.Bxf3 Bh3
23.Rfd1 fxg3 24.Bxg3 Bh6 25.cxd6 cxd6 26.Rab1 Ng4 27.Qe2 Qb6+ 28.Kh1 Qe3 
29.Qxe3 Bxe3 30.Bg2 Nf2+ 31.Bxf2 Bxg2+ 32.Kxg2 Rxf2+ 33.Kh1 Bc5 34.Nc7 Rc8
35.Ne6 Be3 36.Rb3 Re2 37.Rdb1 h4 38.Rb8 Rxb8 39.Rxb8+ Kh7 40.h3 Bc1 41.Ra8
Rxe4 42.Rxa5 Re3 43.Ra4 Rxh3+ 44.Kg2 Rg3+ 45.Kh2 Rd3 46.Rxh4+ Kg6 47.Nc7 
Bxa3 48.Kg2 Bc5 49.Kf1 Rd2 50.Ke1 Ra2 51.Kd1 Bb6 52.Nb5 Ra5 53.Rb4 Bc5 54.
Rb3 Kf5 55.Kd2 e4 56.Rb1 Ke5 57.Nc3 Bd4 0-1

[Event "20th EUR-ch"]
[Site "Skopje MKD"]
[Date "2019.03.27"]
[Round "9"]
[White "Mitsis, Georgios"]
[Black "Macovei, Andrei"]
[Result "0-1"]
[WhiteElo "2338"]
[BlackElo "2450"]
[EventDate "2019.03.18"]
[Board "113"]
[PlyCount "84"]

1.d4 Nf6 2.Nf3 e6 3.c4 b6 4.a3 Bb7 5.Nc3 d5 6.Qc2 dxc4 7.e4 c5 8.Bg5 cxd4 
9.Rd1 Nbd7 10.Nxd4 Qc8 11.f4 a6 12.Be2 b5 13.Bf3 Nc5 14.e5 Bxf3 15.gxf3 
Nd3+ 16.Rxd3 cxd3 17.Qxd3 Nd7 18.Qe4 Bc5 19.Nc6 Qb7 20.Ke2 Rc8 21.Na5 Qc7 
22.Nb3 O-O 23.Rc1 Rb8 24.Nxc5 Nxc5 25.Qe3 Nb3 26.Rg1 Kh8 27.Rd1 b4 28.axb4
Rxb4 29.Kf2 Na5 30.Kg3 Rxb2 31.Ne4 h6 32.Qa3 Rbb8 33.Be7 Nc4 34.Qxa6 Qxe7 
35.Qxc4 f6 36.Qc5 Qf7 37.Rd2 Qg6+ 38.Kf2 fxe5 39.Qxe5 Rbd8 40.Re2 Rd5 41.
Qc7 Rdf5 42.Ke3 Qg1+ 0-1

[Event "20th EUR-ch"]
[Site "Skopje MKD"]
[Date "2019.03.27"]
[Round "9"]
[White "Radovanovic, Dusan"]
[Black "Muradli, Mahammad"]
[Result "0-1"]
[WhiteElo "2331"]
[BlackElo "2444"]
[EventDate "2019.03.18"]
[Board "114"]
[PlyCount "52"]

1.e4 d6 2.d4 Nf6 3.Nc3 g6 4.f4 Bg7 5.Nf3 O-O 6.Bd3 Na6 7.O-O c5 8.d5 Bg4 
9.f5 Nd7 10.h3 Bxf3 11.gxf3 gxf5 12.exf5 Nf6 13.Ne2 Nc7 14.c4 b5 15.Kh2 
bxc4 16.Bxc4 Kh8 17.Rg1 Rg8 18.Rb1 Qf8 19.b3 Nd7 20.Ng3 Be5 21.Be3 Rxg3 
22.Rxg3 Bxg3+ 23.Kxg3 Qg7+ 24.Kf2 Rg8 25.Bf4 Qg2+ 26.Ke3 Nf6 0-1

[Event "20th EUR-ch"]
[Site "Skopje MKD"]
[Date "2019.03.27"]
[Round "9"]
[White "Pastar, Slaven"]
[Black "Perunovic, Miodrag"]
[Result "0-1"]
[WhiteElo "2324"]
[BlackElo "2436"]
[EventDate "2019.03.18"]
[Board "115"]
[PlyCount "160"]

1.g3 Nf6 2.Bg2 d5 3.Nf3 e6 4.O-O Be7 5.d3 O-O 6.Nbd2 c5 7.e4 Nc6 8.Re1 b5 
9.e5 Nd7 10.h4 a5 11.Nf1 b4 12.c4 Nb6 13.Ne3 Ba6 14.b3 Ra7 15.cxd5 Nxd5 
16.Nxd5 exd5 17.Be3 Qb6 18.h5 d4 19.Bg5 h6 20.Bf4 Nd8 21.Nh4 Qe6 22.Be4 
Bxh4 23.gxh4 Bb7 24.Rc1 Bxe4 25.Rxe4 Qf5 26.Bg3 Ne6 27.Qg4 Qxg4 28.Rxg4 
Kh7 29.Kg2 a4 30.Kf3 g6 31.Re4 gxh5 32.Re2 Rg8 33.Ke4 Rg4+ 34.Kd5 Kg6 35.
Rxc5 Nxc5 36.Kxc5 axb3 37.axb3 Re7 38.Ra2 Kf5 39.Kxb4 Rg8 40.Kc4 Rd8 41.
Ra5 Rb7 42.b4 Rb6 43.Rc5 Ke6 44.b5 Kd7 45.Kxd4 Ra8 46.Rd5+ Ke7 47.Kc5 Rab8
48.Kb4 Ra8 49.Bf4 Ke6 50.Rc5 Ra2 51.Be3 Rb2+ 52.Kc4 Rc2+ 53.Kb4 Rb2+ 54.
Ka5 Rb8 55.d4 Ra2+ 56.Kb4 Rb2+ 57.Kc4 Rc2+ 58.Kb4 Rb2+ 59.Kc3 R8xb5 60.
Rc6+ Kd5 61.Rd6+ Ke4 62.Rf6 R2b3+ 63.Kc4 R3b4+ 64.Kc3 Rb3+ 65.Kd2 Rb2+ 66.
Kc3 Rb7 67.Bc1 R2b6 68.f3+ Kd5 69.Rf4 Rc7+ 70.Kd2 Rb4 71.Ba3 Rxd4+ 72.
Rxd4+ Kxd4 73.Bb2+ Kd5 74.Ke3 Rc2 75.Ba1 Rh2 76.Kf4 Rxh4+ 77.Kf5 Ra4 78.
Bc3 h4 79.Be1 h3 80.Bg3 Ra2 0-1

[Event "20th EUR-ch"]
[Site "Skopje MKD"]
[Date "2019.03.27"]
[Round "9"]
[White "Tomazini, Zan"]
[Black "Emanuel, Yahav"]
[Result "1/2-1/2"]
[WhiteElo "2431"]
[BlackElo "2245"]
[EventDate "2019.03.18"]
[Board "116"]
[PlyCount "119"]

1.e4 e5 2.Nf3 Nc6 3.d4 exd4 4.Nxd4 Nf6 5.Nxc6 bxc6 6.e5 Qe7 7.Qe2 Nd5 8.h4
d6 9.exd6 cxd6 10.Bg5 Qxe2+ 11.Bxe2 Rb8 12.c4 Nb4 13.Kd2 Bf5 14.g4 h6 15.
Be3 Be4 16.Rc1 Na6 17.b3 Be7 18.Nc3 Bh7 19.Rh1 Nc5 20.Bd4 O-O 21.f4 Rxb3 
22.axb3 Nxb3+ 23.Ke3 Nxa1 24.Rxa1 c5 25.Bxg7 Kxg7 26.g5 hxg5 27.hxg5 Ra8 
28.Bf3 Rb8 29.Nb5 Re8 30.Nc7 Rb8 31.Rxa7 Bf5 32.Nb5 Bf8 33.Bd5 Re8+ 34.Kf3
Re7 35.Ra6 Rd7 36.Nc3 f6 37.Bc6 Rf7 38.Be8 Rb7 39.Nd5 fxg5 40.fxg5 Be6 41.
Ne3 Be7 42.Kf4 Rb8 43.Bh5 Rf8+ 44.Ke4 Bxg5 45.Rxd6 Bxe3 46.Rxe6 Bd4 47.
Rg6+ Kh7 48.Rd6 Rf1 49.Bg4 Rf6 50.Bf5+ Kg7 51.Rd5 Rf7 52.Kf4 Re7 53.Rd8 
Be5+ 54.Kg4 Bf6 55.Rc8 Bd4 56.Kg5 Be3+ 57.Kg4 Bd4 58.Rc6 Be3 59.Rg6+ Kf7 
60.Rc6 1/2-1/2

[Event "20th EUR-ch"]
[Site "Skopje MKD"]
[Date "2019.03.27"]
[Round "9"]
[White "Dedebas, Emre Emin"]
[Black "Todorovic, Goran M"]
[Result "0-1"]
[WhiteElo "2319"]
[BlackElo "2429"]
[EventDate "2019.03.18"]
[Board "117"]
[PlyCount "114"]

1.d4 d5 2.c4 e6 3.Nf3 Nf6 4.Nc3 c6 5.e3 Nbd7 6.Qc2 b6 7.Bd3 Bb7 8.O-O Be7 
9.b3 dxc4 10.bxc4 c5 11.d5 exd5 12.cxd5 Nxd5 13.Nxd5 Bxd5 14.Rd1 Be6 15.
Bb2 Bf6 16.Be4 Rc8 17.Ne5 Qc7 18.Nxd7 Bxd7 19.Rxd7 Qxd7 20.Bf5 Qc6 21.Bxc8
Qxc8 22.Bxf6 gxf6 23.Qe4+ Kf8 24.Qf3 Ke7 25.Qe4+ Qe6 26.Qb7+ Qd7 27.Qe4+ 
Kf8 28.Qf3 Qe7 29.Rd1 Rg8 30.Qf5 Qe6 31.Qf3 Rg6 32.g3 Kg7 33.Rd8 Qxa2 34.
Qa8 Kh6 35.Rh8 Rg7 36.Qe4 Qa1+ 37.Kg2 Qe5 38.Qh4+ Kg6 39.Qg4+ Kh6 40.Qh4+ 
Kg6 41.Qg4+ Qg5 42.Qc4 f5 43.Qa4 Qe7 44.Re8 Qb7+ 45.f3 f6 46.Qc4 Qd7 47.
Re6 b5 48.Qa2 c4 49.Qa6 Rf7 50.Rd6 Qe7 51.Re6 Qc5 52.e4 fxe4 53.Rxe4 h5 
54.Re6 Kg7 55.Rc6 Qe5 56.Qa3 Rc7 57.Ra6 c3 0-1

[Event "20th EUR-ch"]
[Site "Skopje MKD"]
[Date "2019.03.27"]
[Round "9"]
[White "Banzea, Alexandru-Bogdan"]
[Black "Polatel, Ali"]
[Result "1-0"]
[WhiteElo "2427"]
[BlackElo "2220"]
[EventDate "2019.03.18"]
[Board "118"]
[PlyCount "69"]

1.e4 c5 2.Nf3 g6 3.c3 Bg7 4.d4 cxd4 5.cxd4 d5 6.e5 Bg4 7.Bb5+ Nc6 8.Bxc6+ 
bxc6 9.Nbd2 Nh6 10.h3 Bxf3 11.Nxf3 O-O 12.O-O f6 13.Bf4 Qb6 14.Qd2 Nf7 15.
Rfe1 a5 16.Rac1 a4 17.Rc3 Ra6 18.e6 Nd8 19.h4 Ra5 20.h5 g5 21.h6 Bxh6 22.
Nxg5 fxg5 23.Bxg5 Bg7 24.Rg3 Kh8 25.Bh6 Rg8 26.Bxg7+ Rxg7 27.Rxg7 Kxg7 28.
Qg5+ Kf8 29.Qf5+ Ke8 30.Qh5+ Kf8 31.Re5 Nxe6 32.Rf5+ Kg8 33.Qf7+ Kh8 34.
Rh5 Ng7 35.Qf8# 1-0